Sketch of a tour in Switzerland.

Bibliographic Details
Main Author: Lascelles, Rowley, 1771-1841
Format: eBook
Language:English
Series:Eighteenth century collections online.
Online Access:Full text online

MARC

Tag First Indicator Second Indicator Subfields
LEADER 00000cam a2200000 4500
001 in00001868021
006 m | d |
007 cr |n||||||||n
008 801025s1797 enk|||| s 00||||eng d
005 20260414184537.0
035 |a (CStRLIN)ESTCT106401 
040 |a Uk-ES  |c Uk-ES  |d CStRLIN  |d Thomson Gale  |d UtOrBLW 
100 1 |a Lascelles, Rowley,  |d 1771-1841. 
240 1 0 |a Sketch of a descriptive journey through Switzerland 
245 1 0 |a Sketch of a tour in Switzerland. 
264 3 |a London :  |b printed by Cooper and Graham, a second time. Oct,  |c 1797. 
300 |a 2 unnumbered pages, 70p. ;  |c 8⁰. 
336 |a text  |b txt  |2 rdacontent 
337 |a computer  |b c  |2 rdamedia 
338 |a online resource  |b cr  |2 rdacarrier 
500 |a Anonymous. By Rowley Lascelles. 
500 |a The first edition of 1796 was entitled: 'Sketch of a descriptive journey through Switzerland'. 
500 |a Reproduction of original from the British Library. 
510 4 |a English Short Title Catalog,  |c ESTCT106401. 
533 |a Electronic reproduction.  |b Farmington Hills, Mich. :  |c Thomson Gale,  |d 2003.  |n Available via the World Wide Web.  |n Access limited by licensing agreements  |7 s2003 miunns 
500 |a Electronic resource. 
830 0 |a Eighteenth century collections online. 
856 4 0 |u http://proxy.library.tamu.edu/login?url=https://galenet.galegroup.com/servlet/ECCO?c=1&stp=Author&ste=11&af=BN&ae=T106401&tiPG=1&dd=0&dc=flc&docNum=CW101016759&vrsn=1.0&srchtp=a&d4=0.33&n=10&SU=0LRH&locID=txshracd2898  |z Full text online  |t 0 
999 |a MARS 
999 f f |s ac317e0f-2f1c-3a99-9485-393655d7c15b  |i aac9f171-4f33-3367-8249-29f33e2ba5d2  |t 0 
952 f f |a Texas A&M University  |b College Station  |c Electronic Resources  |s www_evans  |d Available Online  |t 0  |h No information provided 
998 f f |t 0  |l Available Online